All the books of my life : (Record no. 123459)
[ view plain ]
| 000 -LEADER | |
|---|---|
| fixed length control field | 00977nam a22002777a 4500 |
| 003 - CONTROL NUMBER IDENTIFIER | |
| control field | dpl |
| 005 - DATE AND TIME OF LATEST TRANSACTION | |
| control field | 20170124105925.0 |
| 008 - FIXED-LENGTH DATA ELEMENTS--GENERAL INFORMATION | |
| fixed length control field | 161212b xxu||||| |||| 00| 0 eng d |
| 010 ## - LIBRARY OF CONGRESS CONTROL NUMBER | |
| LC control number | 120238 |
| 020 ## - INTERNATIONAL STANDARD BOOK NUMBER | |
| Terms of availability | 00.00 |
| 035 ## - SYSTEM CONTROL NUMBER | |
| System control number | 120238 |
| 037 ## - SOURCE OF ACQUISITION | |
| Source of stock number/acquisition | Cen Lib/Ret |
| 040 ## - CATALOGING SOURCE | |
| Original cataloging agency | DPL |
| Language of cataloging | EN |
| Transcribing agency | TIT |
| 082 ## - DEWEY DECIMAL CLASSIFICATION NUMBER | |
| Classification number | 028.9 |
| 100 ## - MAIN ENTRY--PERSONAL NAME | |
| Personal name | Smith, Sheila Kaye |
| 9 (RLIN) | 6241 |
| 245 ## - TITLE STATEMENT | |
| Title | All the books of my life : |
| Statement of responsibility, etc | by Sheila Kaye Smith |
| Remainder of title | a bibliography / |
| 246 ## - VARYING FORM OF TITLE | |
| Remainder of title | |
| 260 ## - PUBLICATION, DISTRIBUTION, ETC. (IMPRINT) | |
| Name of publisher, distributor, etc | Cassell and company |
| Date of publication, distribution, etc | 00? |
| Place of publication, distribution, etc | London |
| 270 ## - ADDRESS | |
| City | Lonon |
| 300 ## - PHYSICAL DESCRIPTION | |
| Extent | 191p. |
| Dimensions | 21cm(Hb) |
| 650 ## - SUBJECT ADDED ENTRY--TOPICAL TERM | |
| Topical term or geographic name as entry element | Library science |
| Form subdivision | bibliography |
| 9 (RLIN) | 6242 |
| 650 ## - SUBJECT ADDED ENTRY--TOPICAL TERM | |
| Topical term or geographic name as entry element | Bibliography of books |
| 9 (RLIN) | 6243 |
| 650 ## - SUBJECT ADDED ENTRY--TOPICAL TERM | |
| Topical term or geographic name as entry element | पुस्तकालय विज्ञान |
| Form subdivision | ग्रंथ सूची |
| 9 (RLIN) | 6244 |
| 650 ## - SUBJECT ADDED ENTRY--TOPICAL TERM | |
| Topical term or geographic name as entry element | पुस्तकों की ग्रंथ सूची |
| 9 (RLIN) | 6245 |
| 942 ## - ADDED ENTRY ELEMENTS (KOHA) | |
| Source of classification or shelving scheme | Dewey Decimal Classification |
| Koha item type | English Books |
| Classification part | 028.9 |
| Call number suffix | KAY |
| Withdrawn status | Lost status | Damaged status | Not for loan | Collection code | Home library | Current library | Date acquired | Source of acquisition | Cost, normal purchase price | Total Checkouts | Full call number | Barcode | Date last seen | Copy number | Cost, replacement price | Price effective from | Koha item type |
|---|---|---|---|---|---|---|---|---|---|---|---|---|---|---|---|---|---|
| Not For Loan | Reference | Central Library | Central Library | 06/06/2015 | Cen Lib/Ret | 0.00 | 028.9 KAY | 120238 | 06/06/2015 | 1 | 0.00 | 06/06/2015 | English Books |
